000 02150nam0a22007451 4500
001 RU\NLR\A1SV\44447
005 20251203171251.9
035 _a(NLR Aleph) 009726602
090 _a9893381
_c9893381
100 _a20021120d1924 u y0rusy50 ca
101 0 _arus
102 _aRU
200 1 _aПисьма В.О.Ключевского к П.П.Гвоздеву
_e(1861-1870)
_fВступ. ст. и примеч. С.А.Голубцова
210 _aМ.
_cМол. гвардия
_d1924
215 _a138 с., 1 л. портр.
_d23 см
225 _aТр. Рос. публич. б-ки им. Ленина и Гос. Румянц. музея
_vВып.5
300 _aСер. указана на обл.
300 _aНапеч. в Ленинграде
620 _dСанкт-Петербург
620 _dМосква
700 1 _aКлючевский
_bВ. О.
_f1841-1911
_gВасилий Осипович
_3RU\NLR\AUTH\773030
_4070
702 1 _aГолубцов
_bС. А.
_f1893-1930
_gСергей Александрович
_4080
702 1 _aГвоздев
_bП. П.
_f1840-1901
_gПорфирий Петрович
_4660
801 0 _aRU
_bNLR
_c20021120
852 _aNLR
_j37.2.7.46-5
852 _aNLR
_j37.2.7.46-5а
852 _aNLR
_j133/3594
899 _aLatNB
899 _aLatNB
899 _aВоронОУНБ
899 _aAPL
899 _aГПИБ
899 _aБАН
899 _aВладОУНБ
899 _aСПбГУ
899 _aМГУ
899 _aРГГУ
899 _aРГБ
899 _aНБ РК
899 _aНБ ТГУ
899 _aКемОНБ
899 _aНБУВ
899 _aКирОУНБ
899 _aНБ Бел.
899 _aКУНБ
899 _aRR
899 _aSBB
899 _aBL
899 _aUProv
899 _aÖNB
899 _aKB
899 _aUBL
899 _aBULC
899 _aНГОУНБ
899 _aUBE-N
899 _aBSB
899 _aWAUO
_z(Мф)
899 _aWIUO
899 _aNYAG
_z(Мф)
899 _aUConn
899 _aUBM
942 _cBOOK
980 _aNB
980 _aA1SV